[Event "IECC Y2KO email"]
[Site "IECC email"]
[Date "2001.09.24"]
[Round "?"]
[White "Bieber, Herbert"]
[Black "Ratering, Wim"]
[Result "1/2-1/2"]
[WhiteElo "1926"]
[BlackElo "2240"]
[PlyCount "77"]
[EventDate "2001.??.??"]
[EventType "tourn (corr)"]
[EventRounds "6"]
[SourceTitle "Corr 2008"]
[Source "ChessBase"]
[SourceDate "2008.06.24"]
[SourceVersion "1"]
[SourceVersionDate "2008.06.24"]
[SourceQuality "1"]

1. e4 d5 2. exd5 Qxd5 3. Nc3 Qa5 4. d4 c6 5. Nf3 Nf6 6. Bc4 Bf5 7. Ne5 e6 8. g4 Bg6 9. h4 Bd6 10. h5 Be4 11. Rh4 Nd5 12. Bd2 Nxc3 13. Bxc3 Qd8 14. Rh3 Bg2 15. Re3 Qh4 16. Rg3 Bd5 17. Bxd5 cxd5 18. Qf3 Qe7 19. Rg1 f6 20. Nd3 Nc6 21. 0-0-0 b5 22. Rde1 0-0 23. Qe3 Rae8 24. f4 Qc7 25. Kb1 Re7 26. Bd2 a5 27. g5 Qb6 28. gxf6 Rxf6 29. Qh3 b4 30. Be3 Qc7 31. Ne5 a4 32. Rg6 Rf8 33. Nxc6 Qxc6 34. Rxe6 b3 35. cxb3 axb3 36. axb3 Rc7 37. Rc1 Qb5 38. Rxc7 Bxc7 39. Bd2 1/2-1/2

[Event "IECC Y2KO email"]
[Site "IECC email"]
[Date "2001.09.24"]
[Round "?"]
[White "Ratering, Wim"]
[Black "Bieber, Herbert"]
[Result "1/2-1/2"]
[WhiteElo "2249"]
[BlackElo "1914"]
[PlyCount "76"]
[EventDate "2001.??.??"]
[EventType "tourn (corr)"]
[EventRounds "6"]
[SourceTitle "Corr 2008"]
[Source "ChessBase"]
[SourceDate "2008.06.24"]
[SourceVersion "1"]
[SourceVersionDate "2008.06.24"]
[SourceQuality "1"]

1. e4 e5 2. f4 exf4 3. Nf3 g5 4. Bc4 g4 5. 0-0 d5 6. exd5 gxf3 7. Qxf3 Bd6 8. d3 Ne7 9. Bxf4 Bxf4 10. Qxf4 0-0 11. Nc3 Ng6 12. Qg3 f5 13. Nb5 Na6 14. Qf2 Kg7 15. Rae1 f4 16. c3 Qg5 17. Nd4 Bd7 18. a4 Ne5 19. Bb5 Nc5 20. Bxd7 Nexd3 21. Qd2 Nxe1 22. Rxe1 Rad8 23. Ne6+ Nxe6 24. dxe6 Qe7 25. Qd4+ Rf6 26. b4 b6 27. Re4 Kg8 28. Rxf4 Rg6 29. b5 Qg5 30. Qf2 Rg7 31. g3 Qe7 32. Qd4 Rf8 33. Rxf8+ Kxf8 34. Qf4+ Kg8 35. Qxc7 Rg5 36. Kg2 Rc5 37. Qxa7 Qg5 38. Qb8+ Kg7 1/2-1/2

[Event "IECC P email"]
[Site "IECC email"]
[Date "1999.11.12"]
[Round "?"]
[White "Bieber, Herbert"]
[Black "Jaskula, Robert"]
[Result "1/2-1/2"]
[WhiteElo "1940"]
[BlackElo "1935"]
[PlyCount "89"]
[EventDate "1999.??.??"]
[EventType "tourn (corr)"]
[EventRounds "6"]
[SourceTitle "Corr 2008"]
[Source "ChessBase"]
[SourceDate "2008.06.24"]
[SourceVersion "1"]
[SourceVersionDate "2008.06.24"]
[SourceQuality "1"]

1. g4 d5 2. h3 e5 3. Bg2 Nc6 4. c3 Bc5 5. d4 exd4 6. b4 Bb6 7. b5 Ne5 8. cxd4 Nc4 9. Na3 h5 10. gxh5 Qd6 11. Qd3 Ne7 12. e3 Ba5+ 13. Kf1 Qb4 14. Bxd5 Nxa3 15. Bxa3 Qc3 16. Qxc3 Bxc3 17. Bxe7 Bxa1 18. Bc5 Rxh5 19. Bf3 Rh6 20. Ne2 Bxh3+ 21. Rxh3 Rxh3 22. Bxb7 Rd8 23. Bc6+ Rd7 24. Nc1 Rh6 25. Nb3 Bc3 26. Bxd7+ Kxd7 27. Bxa7 Rh8 28. Nc5+ Ke7 29. Na6 Kd7 30. Ke2 Ba5 31. Bc5 Kc8 32. a3 Rh1 33. e4 Bb6 34. Bxb6 cxb6 35. Nb4 Ra1 36. Nc2 Rb1 37. a4 Rb2 38. Kd3 Ra2 39. Kc3 Rxa4 40. f4 g6 41. Kb3 Ra5 42. Kb4 Kb7 43. Ne3 Ra1 44. Nd5 Rb1+ 45. Kc4 1/2-1/2

[Event "IECC Y2KO email"]
[Site "IECC email"]
[Date "1999.10.14"]
[Round "?"]
[White "Pestka, Maciej"]
[Black "Bieber, Herbert"]
[Result "1/2-1/2"]
[WhiteElo "1340"]
[BlackElo "1939"]
[PlyCount "84"]
[EventDate "1999.??.??"]
[EventType "tourn (corr)"]
[EventRounds "2"]
[SourceTitle "Corr 2008"]
[Source "ChessBase"]
[SourceDate "2008.06.24"]
[SourceVersion "1"]
[SourceVersionDate "2008.06.24"]
[SourceQuality "1"]

1. d4 h6 2. e4 g5 3. Nf3 g4 4. Ne5 h5 5. Bc4 e6 6. Nc3 Be7 7. 0-0 d6 8. Nd3 a6 9. Be3 Nc6 10. Bb3 Na5 11. f3 Nxb3 12. axb3 Nf6 13. Bf2 Rg8 14. e5 Nd5 15. fxg4 hxg4 16. Qe2 dxe5 17. dxe5 Nxc3 18. bxc3 Qd5 19. Ra4 Qf3 20. Qd2 Bg5 21. Qxg5 Qxf2+ 22. Nxf2 Rxg5 23. Nxg4 b5 24. Rd4 c5 25. Rdf4 a5 26. h4 Rf5 27. Nf6+ Ke7 28. Rxf5 exf5 29. Rd1 Be6 30. h5 Kf8 31. h6 c4 32. b4 a4 33. Ra1 f4 34. Kf2 Bf5 35. Kf3 Bxc2 36. Kxf4 Rd8 37. g4 Rd1 38. Ra2 Bb1 39. Ra1 Bc2 40. Ra3 Bg6 41. Ke3 Rd3+ 42. Kf2 Rd2+ 1/2-1/2

[Event "IECC P email"]
[Site "IECC email"]
[Date "1999.09.14"]
[Round "?"]
[White "Nagley, Tim"]
[Black "Bieber, Herbert"]
[Result "1/2-1/2"]
[WhiteElo "1943"]
[BlackElo "1959"]
[PlyCount "79"]
[EventDate "1999.??.??"]
[EventType "tourn (corr)"]
[EventRounds "6"]
[SourceTitle "Corr 2008"]
[Source "ChessBase"]
[SourceDate "2008.06.24"]
[SourceVersion "1"]
[SourceVersionDate "2008.06.24"]
[SourceQuality "1"]

1. b3 Nf6 2. Bb2 g5 3. e4 Bg7 4. e5 Nd5 5. Qh5 h6 6. Bc4 e6 7. Bxd5 exd5 8. Nf3 Kf8 9. d4 d6 10. Nc3 Be6 11. 0-0-0 Nd7 12. h4 dxe5 13. dxe5 Nxe5 14. Nxe5 Bxe5 15. hxg5 Qxg5+ 16. Qxg5 hxg5 17. Nxd5 Rxh1 18. Rxh1 Bxd5 19. Bxe5 Ke7 20. f3 g4 21. c4 Bc6 22. fxg4 Rg8 23. Rh2 Rxg4 24. g3 Kd7 25. Rd2+ Kc8 26. Bf4 Rg7 27. a3 f6 28. Rh2 Kd7 29. Rh8 Be4 30. Kd2 Rh7 31. Rxh7+ Bxh7 32. b4 Bf5 33. Be3 a6 34. Kc3 b5 35. Kd4 Kd6 36. c5+ Kd7 37. Kd5 c6+ 38. Kd4 Ke6 39. Bf4 Bg4 40. Bd2 1/2-1/2

[Event "IECC KO email"]
[Site "IECC email"]
[Date "1999.06.06"]
[Round "?"]
[White "Nowicki, Andrzej"]
[Black "Bieber, Herbert"]
[Result "0-1"]
[WhiteElo "1813"]
[BlackElo "1959"]
[PlyCount "76"]
[EventDate "1999.??.??"]
[EventType "tourn (corr)"]
[EventRounds "6"]
[SourceTitle "Corr 2008"]
[Source "ChessBase"]
[SourceDate "2008.06.24"]
[SourceVersion "1"]
[SourceVersionDate "2008.06.24"]
[SourceQuality "1"]

1. c4 c6 2. e4 e6 3. e5 c5 4. b3 d6 5. exd6 Bxd6 6. Bb2 Nf6 7. Nf3 Nc6 8. Be2 0-0 9. 0-0 e5 10. d3 Re8 11. Nc3 Bf5 12. Nh4 Bd7 13. Ne4 Be7 14. Nf3 Qc7 15. Qd2 h6 16. a3 Rad8 17. Nxf6+ Bxf6 18. b4 Bf5 19. bxc5 Na5 20. Qe3 Qc8 21. Nxe5 Bxe5 22. Bxe5 f6 23. d4 fxe5 24. d5 Re7 25. Rad1 Rf7 26. Rfe1 Rdf8 27. Rc1 Bd7 28. f3 Rf4 29. c6 bxc6 30. Qxa7 Nb3 31. Rb1 Nd4 32. d6 Bh3 33. Rb2 e4 34. gxh3 exf3 35. Bf1 f2+ 36. Rxf2 Rxf2 37. Qxd4 Qf5 38. Bd3 Qxh3 0-1

[Event "IECC P email"]
[Site "IECC email"]
[Date "1999.02.14"]
[Round "?"]
[White "Leperlier, Gabriel"]
[Black "Bieber, Herbert"]
[Result "1-0"]
[WhiteElo "1706"]
[BlackElo "1964"]
[PlyCount "112"]
[EventDate "1999.??.??"]
[EventType "tourn (corr)"]
[EventRounds "6"]
[SourceTitle "Corr 2008"]
[Source "ChessBase"]
[SourceDate "2008.06.24"]
[SourceVersion "1"]
[SourceVersionDate "2008.06.24"]
[SourceQuality "1"]

1. d4 d5 2. c4 e5 3. dxe5 d4 4. Nf3 Nc6 5. g3 Be6 6. Nbd2 Qd7 7. Bg2 0-0-0 8. Qa4 d3 9. Ng5 Nd4 10. Qxd7+ Rxd7 11. Rb1 dxe2 12. Nxe6 fxe6 13. Ne4 Bb4+ 14. Nc3 Be7 15. a3 Kb8 16. b4 Nh6 17. Bxh6 gxh6 18. Be4 Rhd8 19. f4 h5 20. Kf2 h6 21. h4 c5 22. b5 Rg8 23. Rb2 Bd8 24. Nxe2 Nxe2 25. Rxe2 Rd4 26. Rc1 Ba5 27. Rcc2 Rg7 28. Kg2 Kc7 29. f5 exf5 30. Bxf5 Kd8 31. Kh3 Rd1 32. e6 Ke7 33. Kg2 Rd4 34. Be4 Bd8 35. Rc3 Kd6 36. Kh3 Bf6 37. Rf3 Be5 38. Rfe3 Bf6 39. Bd5 Rdg4 40. a4 Re7 41. a5 Bd4 42. Rf3 Reg7 43. Kh2 Be5 44. Rfe3 Bf6 45. b6 axb6 46. axb6 Re7 47. Ra3 Be5 48. Ra8 Bxg3+ 49. Kh1 Reg7 50. e7 Rxh4+ 51. Kg1 Be5+ 52. Kf1 Rf4+ 53. Ke1 Rxe7 54. Rd8+ Rd7 55. Rxd7+ Kxd7 56. Rxe5 Rf6 1-0

[Event "IECC P email"]
[Site "IECC email"]
[Date "1999.01.13"]
[Round "?"]
[White "Bieber, Herbert"]
[Black "Green, Paul"]
[Result "1-0"]
[WhiteElo "1944"]
[BlackElo "2029"]
[PlyCount "57"]
[EventDate "1999.??.??"]
[EventType "tourn (corr)"]
[EventRounds "6"]
[SourceTitle "Corr 2008"]
[Source "ChessBase"]
[SourceDate "2008.06.24"]
[SourceVersion "1"]
[SourceVersionDate "2008.06.24"]
[SourceQuality "1"]

1. e4 c6 2. Nf3 d5 3. Nc3 Bg4 4. h3 Bxf3 5. Qxf3 Nf6 6. g4 dxe4 7. Nxe4 Nxe4 8. Qxe4 Qd5 9. Bg2 Qxe4+ 10. Bxe4 e5 11. Ke2 Nd7 12. Re1 Bc5 13. d3 f6 14. h4 0-0-0 15. h5 Kb8 16. Bd2 Bb6 17. a4 Nc5 18. a5 Bc7 19. Bf5 Rdg8 20. b4 g6 21. bxc5 gxf5 22. gxf5 Rg2 23. a6 b5 24. c4 Ka8 25. cxb5 cxb5 26. Rg1 Rxg1 27. Rxg1 Rb8 28. Rg7 Bd8 29. c6 1-0

[Event "IECC TH-M email"]
[Site "IECC email"]
[Date "1999.01.13"]
[Round "?"]
[White "Hartmann, Per"]
[Black "Bieber, Herbert"]
[Result "0-1"]
[WhiteElo "1495"]
[BlackElo "1945"]
[PlyCount "88"]
[EventDate "1999.??.??"]
[EventType "match (corr)"]
[EventRounds "2"]
[SourceTitle "Corr 2008"]
[Source "ChessBase"]
[SourceDate "2008.06.24"]
[SourceVersion "1"]
[SourceVersionDate "2008.06.24"]
[SourceQuality "1"]

1. e4 e5 2. f4 exf4 3. Nf3 g5 4. Bc4 g4 5. 0-0 gxf3 6. Qxf3 Qf6 7. d3 Nc6 8. Bxf4 Bc5+ 9. Kh1 d6 10. Nc3 Qg7 11. Nb5 Bg4 12. Qg3 0-0-0 13. Bxf7 h5 14. Be6+ Kb8 15. Bd2 Nf6 16. Bc3 Rh6 17. Bd5 Rf8 18. Bxc6 h4 19. Qf4 h3 20. g3 bxc6 21. Nd4 Bd7 22. Nb3 Bb6 23. a4 a6 24. a5 Ba7 25. e5 Be6 26. Bd4 Bxb3 27. Bxa7+ Kxa7 28. cxb3 Nd7 29. Qe3+ c5 30. d4 cxd4 31. Qxd4+ c5 32. Qe4 Nxe5 33. b4 Nd3 34. b5 Nf2+ 35. Rxf2 Rxf2 36. b6+ Kb8 37. Qe8+ Kb7 38. Qe4+ d5 39. Qxd5+ Rc6 40. Re1 Qd4 41. Re7+ Kb8 42. Qg8+ Rc8 43. Rb7+ Kxb7 44. Qh7+ Kc6 0-1